Banská Bystrica Země Slovenská 4562

Zobrazenie: Topografická mapa v zelenej, šedej, čiernej a na bielom podklade

Podrobná bibliografia
Médium: Mapa
Jazyk:čeština
Fyzický popis:1 mapa farebná 37 x 49 cm, zložené na 24 x 17 cm
Vydavateľské údaje: V Praze Vojenský Zeměpisný ústav [1947?]
Predmet:

MARC

LEADER 00000nem a2200000 4500
001 vtls012237069
003 SK-MaSNL
005 20260301085253.0
007 aj canza
008 230815q1947 xr adg a 0 r cze
015 |a SNBC 
034 1 |a a  |b 75000 
040 |a SNK  |b slo  |c SNK  |e rda 
041 0 |a cze 
043 |a e-xo--- 
044 |a xr  |c CZ 
072 7 |a 912  |x Mapy. Atlasy  |2 konspekt 
080 |a 911.2:528.42  |2 2011 
080 |a 528.425  |2 2011 
245 0 0 |a Banská Bystrica  |b Země Slovenská  |n 4562 
255 |a Měřítko 1:75 000 
264 1 |a V Praze  |b Vojenský Zeměpisný ústav  |c [1947?] 
300 |a 1 mapa  |b farebná  |c 37 x 49 cm, zložené na 24 x 17 cm 
336 |a kartografický obraz  |b cri  |2 rdacontent 
337 |a nesprostredkovaný  |b n  |2 rdamedia 
338 |a list  |b nb  |2 rdacarrier 
500 |a Na dokumente je uvedené: "Rozmnožování vyhrazeno" 
500 |a Podnázov "Země Slovenská" je uvedené na štyroch miestach okolo mapy 
520 8 |a Zobrazenie: Topografická mapa v zelenej, šedej, čiernej a na bielom podklade 
650 0 7 |a topografia  |2 SNKPH  |9 30645 
650 0 7 |a Topography  |2 SNKPHeng  |9 329096 
651 7 |a Banská Bystrica (Slovensko)  |2 SNKPHgeo  |9 22015 
651 7 |a Banská Bystrica (Slovakia)  |2 SNKNBeng  |9 243794 
655 7 |a topografické mapy  |2 SNKPH  |9 415075 
752 |a Česko  |d Praha 
852 |a Slovenská národná knižnica 
954 |a mapy cudzojazyčné (svetové)  |2 lita 
958 |a OND 
958 |a CRG 
958 |a CRBN 
999 |c 665404  |d 667334 
952 |a SNK  |b SNK  |y PREZ  |7 0  |p 17A1284766  |o snkSLCm 144  |i snkK 1459/62  |z Zadná strana mapy je pokreslená ceruzkou a farbičkami.  |0 0  |1 0  |4 0  |d 2023-08-15  |l 0  |r 2026-02-23 19:07:33  |w 2026-02-23